| 000 | 00539nam a2200181Ia 4500 | ||
|---|---|---|---|
| 005 | 20250508150232.0 | ||
| 008 | 008 250505s9999 xx 000 0 eng d | ||
| 037 | _aTextual | ||
| 040 |
_aFEDL _beng _cFEDL |
||
| 041 |
_aeng _2eng |
||
| 084 |
_a371.42, WEB _qFEDL |
||
| 100 |
_aWebster E C _9756205 |
||
| 245 | 0 | _aGuidance for the high school pupil: A study of quebec secondary schools | |
| 260 |
_aMontreal _bMcGill University _c1939 |
||
| 300 | _axvi,153p. | ||
| 942 |
_cTEXL _h371.42, WEB |
||
| 999 |
_c1322552 _d1322552 |
||